000 02380cam a2200397 4500500
005 20251228073850.0
041 _afre
042 _adc
100 1 0 _aBardot-Cambot, Anne
_eauthor
700 1 0 _aForest, Vianney
_eauthor
245 0 0 _aOstréiculture et mytiliculture à l'époque romaine ? Des définitions modernes à l'épreuve de l'archéologie
260 _c2013.
500 _a55
520 _aL’élevage des coquillages dans l’Antiquité est communément admis dans la littérature archéologique. Toutefois, il n’a jamais été précisément défini par rapport aux conchylicultures de nos sociétés modernes. L’article étudie donc cette question en utilisant les observations réalisées sur les coquilles marines découvertes sur les sites de Gaule romaine. Les restes archéologiques d’huîtres plates et de moules et les sources antiques sont utilisés pour tenter de retrouver les étapes des pratiques ostréicoles et mytilicoles contemporaines. Une synthèse est également proposée sur l’intérêt et l’utilité d’une conchyliculture durant l’époque romaine.
520 _aShellfish farming in Roman times?Shellfish breeding in antiquity is commonly accepted in archaeological literature. However, it has never been precisely defined by comparison with modern shellfish farming. This study takes up this question by using observations about shells discovered in Roman Gaul. It focuses on remains of flat oysters and mussels and on classical texts to recover the stages of oyster and mussel farming practices. It also proposes conclusions about the interest and usefulness of shellfish breeding during the Roman period.
690 _aconchylioreste
690 _acoquillages
690 _aélevage
690 _aGaule romaine
690 _ahuîtres
690 _aiconographie sur verre
690 _amonde romain
690 _aSergius Orata
690 _asources antiques
690 _aancient texts
690 _abreeding
690 _aconchyliorests
690 _aiconography on glass
690 _aoyster
690 _aRoman Gaul
690 _aRoman world
690 _aSergius Orata
690 _ashellfish
786 0 _nRevue archéologique | 56 | 2 | 2013-12-04 | p. 367-388 | 0035-0737
856 4 1 _uhttps://shs.cairn.info/revue-archeologique-2013-2-page-367?lang=fr&redirect-ssocas=7080
999 _c1596220
_d1596220